NBA champions - Statistics

General Stats
  • This quiz has been taken 62 times
  • The average score is 5 of 6
Answers on the Grid
Answers color-coded by a green-red scale on the quiz's grid according to % correct below.
Russell Westbrook
Kobe Bryant
Tim Duncan
James Harden
Karl malone
Lebron James
John Stockton
Anthony Edwards
Tony Parker
Isaiah Thomas
Luka Doncic
Kevin Garnett
 
Answer Stats
Answer % Correct
Kobe Bryant
95%
Tim Duncan
93%
Lebron James
91%
Kevin Garnett
73%
Tony Parker
70%
Isaiah Thomas
59%
No matching quizzes found
Score Distribution
Percent of People with Each Score
Percentile by Number Answered
Your Score History
You have not taken this quiz